Score 0/20 Timer 04:00
0 Plays Today
Hint Answer % Correct
Superman
98.2%
Thor
97.9%
Batman
97.8%
Darth Vader
97%
Dracula
95.2%
Loki
90.8%
Doctor Strange
90.1%
Storm
82.8%
Belle
78.9%
Lando Calrissian
77.4%
Hint Answer % Correct
Captain Underpants
72.1%
Vision
71.1%
Darkwing Duck
67.9%
Aragorn
67.8%
Dr. Doom
65.6%
Syndrome
57.4%
Leonidas
51.6%
Spawn
42.9%
Hit-Girl
37.6%
M. Bison
33.1%

You're not logged in!

Compare scores with friends on all Sporcle quizzes.
OR
Log In

Sporcle TV

Today on Sporcle TV


Watch our educational content, quiz creation guides, and fun videos on Sporcle TV.

Show Comments

Extras

Top Quizzes Today


Score Distribution

Paid Content

Your Account Isn't Verified!

In order to create a playlist on Sporcle, you need to verify the email address you used during registration. Go to your Sporcle Settings to finish the process.

Report this User

Report this user for behavior that violates our Community Guidelines.

Details: